| 000 | 00466 a2200157 4500 | ||
|---|---|---|---|
| 999 |
_c1169 _d1169 |
||
| 020 | _a9780869228920 | ||
| 050 | _aGN657 MAG 2016 | ||
| 100 | _aMagwa, Wiseman | ||
| 245 |
_aTsika Dzevatema muZimbabwe: _bBhuku rokutanga _cWiseman Magwa |
||
| 250 | _aSchools Edition | ||
| 264 |
_aGweru _bMambo Press _c2017 |
||
| 300 |
_a160p., _bill. |
||
| 500 | _aBhuku revadzidzi nevadzidzisi | ||
| 650 |
_aTsika dzevatema _xZimbabwe |
||
| 942 |
_2lcc _cBK _eSchools Edition _h657 _iMAG _kGN |
||